Statistics for FC Barcelona 2019/2020 Squad

Click here to take the quiz!

General Stats

  • This quiz has been taken 132 times
    (101 since last reset)
  • The average score is 19 of 22

Answer Stats

No.Answer% Correct
1Germany (GK)Marc-André ter Stegen
100%
4Croatia (MF)Ivan Rakitić
99%
9Uruguay (FW)Luis Suárez
97%
3Spain (DF)Gerard Piqué
97%
10Argentina (FW)Lionel Messi
97%
17France (FW)Antoine Griezmann
96%
2Portugal (DF)Nélson Semedo
95%
5Spain (MF)Sergio Busquets
95%
22Chile (MF)Arturo Vidal
95%
11France (FW)Ousmane Dembélé
95%
18Spain (DF)Jordi Alba
93%
21Netherlands (MF)Frenkie de Jong
93%
23France (DF)Samuel Umtiti
92%
8Brazil (MF)Arthur
89%
15France (DF)Clément Lenglet
88%
13Brazil (GK)Neto
87%
20Spain (DF)Sergi Roberto
86%
-Spain (MAN)Ernesto Valverde
76%
24Spain (DF)Júnior Firpo
58%
6France (DF)Jean-Clair Todibo
53%
19Spain (MF)Carles Aleñá
51%
16Senegal (DF)Moussa Wagué
46%

Score Distribution

Percentile by Number Answered

Percent of People with Each Score

Your Score History

You have not taken this quiz since the last reset